مكتبة جامعة عجلون الوطنية

فهرس بحث المكتبة

Normal view MARC view
  • العثيمين، محمد الصالح ؛ تحقيق نصوص واخراج احاديث أبو محمد أشرف بن عبد المقصود

Entry Personal Name

Number of records used in: 1

001 - CONTROL NUMBER

  • control field: 39235

003 - CONTROL NUMBER IDENTIFIER

  • control field: JO-AjAnu

005 - DATE AND TIME OF LATEST TRANSACTION

  • control field: 20230606080528.0

008 - FIXED-LENGTH DATA ELEMENTS

  • fixed length control field: 230606|| aca||aabn | a|a d

040 ## - CATALOGING SOURCE

  • Original cataloging agency: JO-AjAnu
  • Transcribing agency: JO-AjAnu

100 ## - HEADING--PERSONAL NAME

  • Personal name: العثيمين، محمد الصالح ؛ تحقيق نصوص واخراج احاديث أبو محمد أشرف بن عبد المقصود

670 ## - SOURCE DATA FOUND

  • Source citation: Work cat.: (JO-AjAnu)20122: العثيمين، محمد الصالح ؛ تحقيق نصوص واخراج احاديث أبو محمد أشرف بن عبد المقصود, author, الشرح الممتع على زاد المستنقع صفة الصلاة